00393pab a2200145 454500008004000000100002000040245007200060260000900132300001200141362000800153650002800161650001900189650001000208773002900218180718b1995 xxu||||| |||| 00| 0 eng d aUngerson, Clare aGender, cash and informal carebEuropean perspectives and dilemmas. c1995 ap.31-52 aJan aSocial welfare - Europe aWomen - Europe aWomen aJournal of Social Policy